| 000 | 00477nam a2200145 4500 | ||
|---|---|---|---|
| 999 |
_c10777 _d10777 |
||
| 008 | 180919b ||||| |||| 00| 0 eng d | ||
| 022 | _a2094-8042 | ||
| 082 | _aDPer 370.105 M72 Jan-Dec 2011 v59-60 | ||
| 100 |
_931393 _aDamaso, Benedik N. |
||
| 245 |
_aSi bolang negro/ _cBenedik N. Damaso. |
||
| 260 |
_aPhilippines: _bIn the Grade School, Inc., _cc2011. |
||
| 300 |
_av60 n4, pages 173-174: _billustrations; _c27cm. |
||
| 650 | 0 |
_931394 _aShort stories. |
|
| 942 |
_2ddc _cPER |
||